Odtrhni si básničku

Bibliographic Details
Main Authors: Bendová, Krista, 1923-1988 (Author), Zmatlíková, Helena, 1923-2005 (Author)
Format: Book
Language:Slovak
PhysicalDescription:12 s., 2,08 AH 17x25 cm
Published: Bratislava Mladé letá 1980
Edition:2. vyd.
Series:Leporelá

MARC

LEADER 00000nam a2200000 a 4500
001 vtls001101921
003 SK-MaSNL
005 20260413115238.0
008 250414s1980 xo 0 slo
015 |a SNBA1981/06 
020 |q (brož.) 
035 |a SNK000044763 
040 |a SNK  |b slo  |c SNK  |e AACR2 
041 0 |a slo 
044 |a xo  |c SK 
080 |a 885.4-1(087.5)  |2 1981 
100 1 |a Bendová, Krista,  |d 1923-1988  |4 aut  |9 101774 
245 1 0 |a Odtrhni si básničku  |c Krista Bendová, Helena Zmatlíková ; Helena Zmatlíková 
250 |a 2. vyd. 
260 |a Bratislava  |b Mladé letá  |c 1980  |e Harmanec  |f VKÚ 
300 |a 12 s., 2,08 AH  |c 17x25 cm 
366 |e 20000 výtl. 
490 0 |a Leporelá 
700 1 |a Zmatlíková, Helena,  |d 1923-2005  |4 aut  |9 205543 
700 1 |a Zmatlíková, Helena,  |d 1923-2005  |4 bkd  |9 205543 
852 |a Slovenská národná knižnica 
954 |a rečňovanky  |a leporelá  |a literatúra pre deti a mládež 
958 |a OND 
958 |a DB 
958 |a LX 
958 |a BQ 
958 |a TL 
999 |c 588397  |d 590327 
952 |t P60, <05>, [BOOK], {605}  |a SNK  |b SNK  |y PREZ  |7 0  |p 17A0115795  |o snkSD 51169 D1  |0 0  |1 0  |4 0  |d 1998-01-07  |l 0  |r 2004-12-31 00:00:00  |w 2026-02-23